Najwyżej ocenieni zawodnicy w EAFC 26 - Statystyki

Ogólne statystyki
  • Ten quiz został rozwiązany 19 razy
  • Średni wynik to 12 z 28
Statystyki odpowiedzi
OCENA KLUB PIŁKARZ % Poprawnych
91 LIVERPOOL Mohamed Salah
95%
90 REAL MADRYT Jude Bellingham
89%
91 REAL MADRYT Kylian Mbappé
79%
89 FC BARCELONA Lamine Yamal
74%
90 PSG Ousmane Dembélé
74%
90 MAN CITY Erling Haaland
68%
89 REAL MADRYT Vinicius
68%
90 LIVERPOOL Virgil van Dijk
68%
89 BAYERN Harry Kane
63%
91 FC BARCELONA (W) Alexia Putellas
58%
90 MAN CITY Rodri
58%
89 REAL MADRYT Federico Valverde
47%
89 FC BARCELONA Pedri
47%
91 FC BARCELONA (W) Aitana Bonmati
42%
89 PSG Vitinha
42%
89 LIVERPOOL Florian Wirtz
37%
89 MAN CITY Gianluigi Donnarumma
32%
89 FC BARCELONA Raphinha
32%
89 REAL MADRYT Thibaut Courtois
32%
89 LIVERPOOL Alisson Becker
26%
89 PSG Achraf Hakimi
21%
89 BAYERN Joshua Kimmich
21%
90 FC BARCELONA (W) Graham Hansen
11%
89 FC BARCELONA (W) Mapi León
5%
89 FC BARCELONA (W) Patri Guijarro
5%
89 ARSENAL (W) Alessia Russo
0%
89 MAN CITY (W) Khadija Shaw
0%
89 ARSENAL (W) Mariona
0%
Nie znaleziono quizów pasujących do podanych kryteriów
Rozkład punktacji
Procent ludzi z każdym wynikiem
Percentyl według liczby udzielonych odpowiedzi
Twoja historia wyników
Nie rozwiązałeś tego quizu